000 02159nam a2200469 c 4500
001 3453
003 ES-MaCES
005 20150925135622.0
008 950912s1995 sp ||| | spa d
017 _aM-18.275-1995
_bDL
020 _a8474348799
024 7 _a201-95-011-6
_2nipo
035 _aCES19980034782m
040 _aES-MaCES
_bspa
_cES-MaCES
111 2 _aJornadas de Estudio sobre la Negociación Colectiva
_n
_d1994
_cMadrid
_9114
245 1 0 _aReforma laboral y negociación colectiva
_b: VII Jornadas de Estudio sobre la Negociación Colectiva, Madrid, 9 de junio de 1994
_cedición preparada por Comisión Consultiva Nacional de Convenios Colectivos
260 _aMadrid
_bCentro de Publicaciones, Ministerio de Trabajo y Seguridad Social
_cD.L. 1995
300 _a259 p.
_c22 cm
490 1 _aColección Informes y estudios. Serie Relaciones laborales
_v11
500 _aIncluye: Informe negociación colectiva 1998 ; Memoria 1998 / Comisión Nacional Consultiva de Convenios Colectivos
500 _aIndice
541 _cGratuito
610 1 4 _aComisión Consultiva Nacional de Convenios Colectivos (España)
_92011
650 4 _anegociación colectiva
_928362
650 4 _aconvenio colectivo
_928361
650 4 _amercado de trabajo
_928292
650 4 _areforma legislativa
_929892
650 4 _aEspaña
_926964
650 4 _a1993
_930807
650 4 _amemoria anual
_928977
650 4 _ainforme de actividades
_928984
653 1 0 _aRelaciones laborales-Empleo
650 4 _928369
_arelaciones laborales
710 1 _aComisión Consultiva Nacional de Convenios Colectivos (España)
_ecol.
_92011
710 1 _aEspaña
_bMinisterio de Trabajo y Seguridad Social
_eed.
_93276
740 0 2 _aInforme negociación colectiva 1993 / Comisión Consultiva Nacional de Convenios Colectivos
740 0 2 _aMemoria de actividades 1993 / Comisión Consultiva Nacional de Convenios Colectivos
830 0 _aColección Informes y estudios (España. Ministerio de Trabajo y Seguridad Social)
_pSerie Relaciones laborales
_v11
_932474
902 _aLIB Libro
942 _2CES
_cBK
_h2.0.
999 _c3453
_d3453